| 000 | 00895cab a2200253 4500 | ||
|---|---|---|---|
| 001 | X3341 | ||
| 008 | 090401t1996 xxu||||| |||| 00| 0 eng d | ||
| 035 | _a(Sirsi) u29859 | ||
| 041 | _aeng | ||
| 245 | _aNational Westminster Bank plc v Kitch | ||
| 260 | _c1996 | ||
| 350 | _a0 | ||
| 490 |
_aNew Property Cases _v[1996] NPC 71, (2) |
||
| 520 | _aCA 3 May 1996. A bank`s action to call in an overdraft which makes no mention of the fact that it had a mortgage as security is not a `mortgage action` for the purposes of the RSC and the White Book should be amended accordingly. (taken from case heading) NOTE: NO PHOTOCOPYING ALLOWED. | ||
| 650 | _aMORTGAGE ACTION | ||
| 650 | _aMORTGAGES | ||
| 650 | _aNATIONAL WESTMINSTER BANK PLC V KITCH | ||
| 650 | _aOVERDRAFTS | ||
| 650 | _aRSC ORD 88 | ||
| 650 | _aWHITE BOOK | ||
| 690 | _aLAW-CASE LAW | ||
| 942 | _n0 | ||
| 948 | _c04/03/1997 | ||
| 999 |
_c20088 _d20088 |
||